000 00837nam a2200253Ia 4500
003 OSt
005 20220923212718.0
006 a|||||r|||| 00| 0
007 ta
008 220922b |||||||| |||| 00| 0 hin d
024 _a155,493
037 _cTextual
040 _aARTS
_cARTS
_bhin
041 _2hin
_ahin
082 _aO152,1N10,1, L7
100 _aचन्द्र प्रकाश सिंह
245 0 _aरामदूत (महाकाव्य)
246 _aRāmadūt (hinākāvya)
260 _aलखनऊ
_b गौरव ग्रंथ प्रकाशन
_c1977
300 _a199 पृ.
_ccm.
650 _aहिन्दी साहित्य
_9156264
942 _hO152,1N10,1, L7
_cTEXL
_2CC
999 _c311003
_d311003